Patterns of change in the Nepal Himalaya / (Record no. 35120)
[ view plain ]
| 000 -LEADER | |
|---|---|
| fixed length control field | 00891nam a2200289 a 4500 |
| 001 - CONTROL NUMBER | |
| control field | 35120 |
| 003 - CONTROL NUMBER IDENTIFIER | |
| rucl marc code | BD-RjUL |
| 005 - DATE AND TIME OF LATEST TRANSACTION | |
| control field | 20211209052250.0 |
| 008 - FIXED-LENGTH DATA ELEMENTS--GENERAL INFORMATION | |
| fixed length control field | 140521s1981 ii ab b 001 0 eng |
| 020 ## - INTERNATIONAL STANDARD BOOK NUMBER | |
| International Standard Book Number | 0333903129 : |
| International Standard Book Number | 0865311846 |
| 035 ## - SYSTEM CONTROL NUMBER | |
| System control number | (BD-RjUL)35214 |
| 040 ## - CATALOGING SOURCE | |
| Original cataloging agency | DLC |
| Transcribing agency | DLC |
| Modifying agency | DLC |
| -- | BD-RjUL |
| Language of cataloging | eng |
| 041 ## - LANGUAGE CODE | |
| Language code of text/sound track or separate title | eng |
| 082 00 - DEWEY DECIMAL CLASSIFICATION NUMBER | |
| Classification number | 304.62095496 |
| Edition number | 19 |
| Author mark and year | POP 1981 |
| 100 1# - MAIN ENTRY--PERSONAL NAME | |
| Personal name | Poffenberger, Mark, |
| Dates associated with a name | 1950- |
| 9 (RLIN) | 106937 |
| 245 10 - TITLE STATEMENT | |
| Title | Patterns of change in the Nepal Himalaya / |
| Statement of responsibility, etc. | Mark Poffenberger. |
| 260 ## - PUBLICATION, DISTRIBUTION, ETC. (IMPRINT) | |
| Place of publication, distribution, etc. | Delhi : |
| Name of publisher, distributor, etc. | Macmillan, |
| Date of publication, distribution, etc. | c1980 [1981]. |
| 300 ## - PHYSICAL DESCRIPTION | |
| Pagination | vi, 116 p. : |
| Illustrations | ill., maps ; |
| Size | 22 cm. |
| 504 ## - BIBLIOGRAPHY, ETC. NOTE | |
| Bibliography, etc | Includes bibliography (p. 106-111) and index. |
| 651 #0 - SUBJECT ADDED ENTRY--GEOGRAPHIC NAME | |
| Geographic name | Nepal |
| General subdivision | Population. |
| 9 (RLIN) | 106938 |
| Geographic name | Nepal |
| General subdivision | Social conditions. |
| 9 (RLIN) | 106939 |
| Geographic name | Nepal |
| General subdivision | Economic conditions. |
| 9 (RLIN) | 12457 |
| 942 ## - ADDED ENTRY ELEMENTS (KOHA) | |
| Source of classification or shelving scheme | Dewey Decimal Classification |
| Koha item type | Books |
| Lost status | Source of classification or shelving scheme | Damaged status | Not for loan | Collection code | Permanent Location | Current Location | Shelving location | Date acquired | Source of acquisition | Total Checkouts | Full call number | Date last seen | Copy number | Koha item type |
|---|---|---|---|---|---|---|---|---|---|---|---|---|---|---|
| Dewey Decimal Classification | Not For Loan | Non-fiction | Central Library, University of Rajshahi | Central Library, University of Rajshahi | Reading Room | 23/07/1994 | Gift | 304.62095496 POP 1981 | 21/05/2014 | C-1 | Books |